00513nam a2200181 a 45000010010000000030011000100080041000210350026000620820016000881000014001042450017001182600043001356500016001789420012001949520090002069980020002969990015003160000-9233ELIB.Books110520 1974  a(ELIB.Books)0000-9385 a551.5 bHar aHart, Des aWeather Book bAustralia: Printed By Macarthur c1974 aMeteorology 2ddccBK 00102ddc4070aKBTSbKBTSd2011-05-20l0p4287r2022-01-22 00:00:00w2022-01-22yBK cbate2011-05-20 c9233d9233